|
|
|
|
| LEADER |
00000cas a2200000 a 4500 |
| 001 |
vtls001299619 |
| 003 |
SK-MaSNL |
| 005 |
20260501045732.0 |
| 008 |
970819d19791989xo r p 0 0b0slo |
| 035 |
|
|
|a SNK000251597
|
| 040 |
|
|
|a SNK
|b slo
|c SNK
|e AACR2
|
| 041 |
0 |
|
|a slo
|
| 044 |
|
|
|a xo
|c SK
|
| 072 |
|
7 |
|a 373.5/.6
|x Stredné školy
|2 konspekt
|
| 080 |
|
|
|a 373.5
|2 2011
|
| 080 |
|
|
|a 050
|2 2011
|
| 080 |
|
|
|a 37.091.8
|2 2011
|
| 245 |
0 |
0 |
|a Gaudeamus Igitur
|
| 260 |
|
|
|a Martin-Vrútky
|b CŠV SZM pri Gymnáziu K. Gottwalda Martin-Vrútky
|c 1979-[1989]
|
| 300 |
|
|
|a 11 zv.
|
| 310 |
|
|
|a 1x ročne
|
| 362 |
|
|
|a Č. 1 (1979)-[1989]
|z MT001/2009, Bg. slovenských periodík za r. 1971-1980
|
| 610 |
2 |
7 |
|a Gymnázium Klementa Gottwalda (Martin-Vrútky, Slovensko)
|2 SNKKA
|9 31916
|
| 650 |
|
7 |
|a gymnáziá
|2 SNKPH
|9 16386
|
| 655 |
|
7 |
|a študentské časopisy
|2 SNKPH
|9 265964
|
| 910 |
|
|
|a snk
|
| 999 |
|
|
|c 11233
|d 13163
|
| 952 |
|
|
|a SNK
|b SNK
|y PREZ
|7 0
|p 17A0088297
|o snkČSB 3682/1987-1988
|i snkD 1016/97
|8 1
|0 0
|1 0
|4 0
|d 1997-08-19
|l 0
|r 2005-01-02 00:00:00
|w 2026-02-21
|
| 952 |
|
|
|a SNK
|b SNK
|y PREZ
|7 0
|p 17A0088252
|o snkČSB 3682/1988-1989
|i snkD 1014/97
|0 0
|1 0
|4 0
|d 1997-08-19
|l 0
|r 2005-01-02 00:00:00
|w 2026-02-21
|
| 952 |
|
|
|a SNK
|b SNK
|y PREZ
|7 0
|p 17A0093413
|o snkČSB 3682/1979
|8 2
|0 0
|1 0
|4 0
|d 1997-09-22
|l 0
|r 2005-01-02 00:00:00
|w 2026-02-21
|